01457nam a2200313 a 4500001001000000003000400010005001700014008004100031020001800072040002500090049000600115082002200121100003300143245012600176260004300302300003400345500011100379500004900490504002700539590002600566650003600592710006800628910004400696942001400740952012600754952012000880952012601000999001701126000028483OSt20201210135201.0110408s2010 dr ab 000 0 spa d a9789945424492 aDO-SdBNPbspacBNPHU a  4a613.96bP349k2221 aPeña, Dennis955432d1953-10aKama sutra dominicano :bconozca los puntos eróticos más importantes y la sexualidad del dominicano /cDennis Peña. aSanto Domingo :bASODOLIBRO,c[2010?]. a99 p. :bil., fots. ;c22 cm. aEdición especial para la XIII Feria Internacional del Libro dedicada a México y a Freddy Gatón Arce  aIncluye datos biográficos del autor (p. 2) aBibliografía : p. 99 aInventariado, 2020/VM 4aRelaciones sexuales .z 9774902 aAsociación Dominicana de Libreros y Fines Incorporada 977493 aVMateo/Validado. Control de calidad MFF 2ddccLBS1 00102ddc56708DSaGRbGRcHDd2011-04-08iLF1l0oBNPHU DS 613.96 P349kp28483-30r2020-06-25te. 3w2020-06-25yLFDS 00102ddc51718PDaBNPHUbPDcHDd2011-04-08i l0oBNPHU PD 613.96 P349kp28483-10r2020-06-25w2020-06-25yLFPD 00102ddc51728PDaBNPHUbPDcHDd2011-04-08i l0oBNPHU PD 613.96 P349kp28483-20r2020-06-25te. 2w2020-06-25yLFPD c27975d27975